Нація. Культура. Література: національно-культурні міфи та ідейно-естетичні пошуки української літератури (Запис № 357292)

МАРК-запис
000 -Лідер
fixed length control field 00877nam a22002537a 4500
001 - Контрольний номер
control field 71019
003 - Ідентифікатор контрольного номера
control field UA-OsUOA
005 - Дата та час останнього входження (трансакції)
control field 20200519164610.0
007 - Фіксоване поле фізичного опису
fixed length control field ta
008 - Елементи даних фіксованої довжини – загальна інформація
fixed length control field 20100929b un ||||| |||| 00| 0 ukr d
020 ## - Міжнародний стандартний книжковий номер (ISBN)
Міжнародний стандартний книжковий номер (ISBN) (НП) 9789660008996
040 ## - Джерело каталогізації
Агенція оригінальної каталогізації UA-OsUOA
Мова каталогізації ukr
Агенція, яка здійснювала перезапис UA-OsUOA
Агенція, яка здійснювала модифікацію UA-OsUOA
041 ## - Код мови
Код мови тексту/ звукової доріжки чи окремого заголовка (П) ukr
080 ## - Індекс Універсальної десяткової класифікації
Індекс Універсальної десяткової класифікації (УДК) (НП) 82.09(477)
090 ## - Локальний шифр розміщення
Класифікаційний індекс УДК 82.09(477)
Авторський знак (НП) Ж87
100 ## - Основне введення – ім’я особи
Ім’я особи (НП) Жулинський М.
245 ## - Відомості про назву
Назва (НП) Нація. Культура. Література: національно-культурні міфи та ідейно-естетичні пошуки української літератури
260 ## - Публікація, розповсюдження і т.п. (Вихідні дані)
Місце публікації, розповсюдження і т.п. (П) К.
Ім’я/ наймення видавництва, розповсюджувача і т.п. (П) Наукова думка
Дата публікації, розповсюдження і т.п. (П) 2010
300 ## - Фізичний опис
Обсяг 557 с.
650 #7 - Додаткове предметне введення – тематичний термін
Тематичний термін чи географічна назва, як елемент введення (НП) 82 Література. Літературознавство
Джерело заголовка чи терміна UDC
942 ## - Додаткові елементи входу (Коха)
Тип елемента Koha Книги
Source of classification or shelving scheme Universal Decimal Classification
955 ## - Код типу видання за змістом
Код типу видання за змістом (НП) Навчальні видання
Фонди
Стан вилучень Стан втрат Джерело класифікації або схеми стелажів Стан уражень Не для кредиту Код колекції Постійне місце розташування Поточне розміщення Дата придбання Джерело придбання Вартість, звичайна ціна покупки Інвентарний номер Усього замовленно Повний номер виклику Штрих-код Дата останнього перегляду Ціна ефективна від Тип елемента Koha Дата останньої перевірки
    Universal Decimal Classification     Колекція Жулинського М.Г. ЧЗ - Читальна зала ЧЗ - Читальна зала 29/09/2010 82/2010 35.00 129663   82.09(477) Ж87 129663 16/12/2021 29/09/2010 Книги  
    Universal Decimal Classification       ЧЗ - Читальна зала ЧЗ - Читальна зала 11/05/2011 63/2011 299.08 132322   82.09(477) Ж87 132322 09/02/2022 11/05/2011 Книги  
    Universal Decimal Classification       ЧЗ - Читальна зала ЧЗ - Читальна зала 11/05/2011 63/2011 299.08 132323 1 82.09(477) Ж87 132323 15/11/2021 11/05/2011 Книги 19/10/2020